Celeste Chapter Names - Statistics

General Stats
  • This quiz has been taken 127 times
  • The average score is 9 of 11
Answer Stats
Hint Answer % Correct
The chapter that is set on the moon Farewell
94%
The chapter that features every level prior The Summit
89%
The chapter that repeatedly switches from fire to ice and back Core
85%
The chapter that requires carrying Theo Mirror Temple
85%
The chapter where Granny is told to "seek help" Prologue
82%
The chapter where Madeline bakes a strawberry pie Epilogue
78%
The chapter which has an abandoned city Forsaken City
75%
The chapter where Badeline shoots lasers at Madeline Reflection
72%
The chapter where Badeline chases Madeline Old Site
65%
The chapter with a sunset as a background Golden Ridge
64%
The chapter that features a concierge and his hotel Celestial Resort
61%
No matching quizzes found
Score Distribution
Percent of People with Each Score
Percentile by Number Answered
Your Score History
You have not taken this quiz